[Event "Challenge"]
[Site "http://www.queenalice.com/game.php?id=1548866"]
[Date "2018.11.10"]
[Round "-"]
[White "vivoferreira"]
[Black "brasilianlion"]
[Result "0-1"]
[WhiteElo "1605"]
[BlackElo "2101"]

1. e4 e5 2. Nf3 Nc6 3. d4 exd4 4. Nxd4 Nf6 5. Nxc6 bxc6 6. Nc3 Bb4 7. Bd2 O-O 8.
Na4 Be7 9. e5 Nd5 10. Bc4 Nb6 11. Nxb6 cxb6 12. Qg4 d5 13. Bd3 Bxg4 0-1

[Event "Challenge"]
[Site "http://www.queenalice.com/game.php?id=1548867"]
[Date "2018.11.10"]
[Round "-"]
[White "brasilianlion"]
[Black "vivoferreira"]
[Result "1-0"]
[WhiteElo "2106"]
[BlackElo "1589"]

1. d4 Nf6 2. c4 d6 3. Nc3 b6 4. Qc2 Bb7 5. Nf3 e6 6. e4 d5 7. cxd5 exd5 8. e5
Ne4 9. Bd3 Nxc3 10. bxc3 Nc6 11. O-O Qd7 12. Bf5 Qe7 13. a4 Nd8 14. Bg5 f6 15.
exf6 gxf6 16. Rfe1 Qxe1+ 17. Rxe1+ Kf7 18. Bf4 1-0

[Event "Challenge"]
[Site "http://www.queenalice.com/game.php?id=1549628"]
[Date "2018.11.18"]
[Round "-"]
[White "vivoferreira"]
[Black "brasilianlion"]
[Result "1-0"]
[WhiteElo "1500"]
[BlackElo "2106"]

1. e4 c5 2. Nf3 Nc6 3. Nc3 g6 4. d4 cxd4 5. Nxd4 Bg7 6. Nxc6 bxc6 7. Bd3 Nf6 8.
Be3 O-O 9. O-O d5 10. exd5 Nxd5 11. Nxd5 cxd5 12. Qe2 e5 13. Rad1 Qc7 14. f3 a5
15. c3 Be6 16. Bf2 Rfe8 17. c4 dxc4 18. Be4 Rab8 19. Rc1 Red8 20. Be3 f5 21. Bc2
Rxb2 22. a3 c3 23. Qf2 Rdb8 24. Rfe1 R8b3 25. Re2 Rxa3 26. Bc5 Raa2 27. Bd3 Rxe2
28. Bxe2 Bc4 29. Bxc4+ Kh8 30. Bxa2 1-0

[Event "AUTO-OPEN-3997"]
[Site "http://www.queenalice.com/game.php?id=1550889"]
[Date "2018.11.28"]
[Round "1"]
[White "brasilianlion"]
[Black "askasl159"]
[Result "1-0"]
[WhiteElo "2089"]
[BlackElo "1696"]

1. d4 d5 2. Nf3 Nc6 3. c4 Nf6 4. Nc3 h6 5. Bf4 e6 6. Nb5 Bd6 7. Nxd6+ cxd6 8. h3
Qe7 9. e3 e5 10. Bh2 e4 11. Nd2 dxc4 12. Nxc4 d5 13. Nd2 a6 14. Be2 Bd7 15. O-O
O-O 16. Nb3 b6 17. Qd2 a5 18. f4 a4 19. Nc1 Rfb8 20. Bb5 a3 21. Bxc6 Bxc6 22.
Ne2 axb2 23. Qxb2 Rb7 24. Rfc1 Rc8 25. a3 Qd7 26. Nc3 b5 27. Rab1 Rcb8 28. Na2
Qc8 29. Nb4 Rb6 30. Rc3 Ne8 31. Nxd5 Qd7 32. Nxb6 Rxb6 33. Qb4 Nf6 34. Qc5 Qb7
35. f5 Nd5 36. Rcb3 g6 37. fxg6 fxg6 38. a4 Kg7 39. Be5+ Kg8 40. Rf1 Qc8 41. Bd6
Kg7 42. a5 Rb7 43. Bf8+ Kh7 44. a6 Rc7 45. Bd6 Rd7 46. Bg3 Kg7 47. Rxb5 Rc7 48.
Bxc7 Qxc7 49. Qf8+ Kh7 50. Rf7+ 1-0

[Event "AUTO-OPEN-3997"]
[Site "http://www.queenalice.com/game.php?id=1550890"]
[Date "2018.11.28"]
[Round "1"]
[White "askasl159"]
[Black "brasilianlion"]
[Result "0-1"]
[WhiteElo "1605"]
[BlackElo "2105"]

1. e4 c5 2. Nf3 e6 3. Bc4 Nc6 4. d4 cxd4 5. Nxd4 Nf6 6. e5 Qa5+ 7. c3 Qxe5+ 8.
Be3 d5 9. Bb5 Bd7 10. Bxc6 bxc6 11. h3 Bd6 12. Qd3 c5 13. Nf3 Qe4 14. Qa6 Bf4
15. Nbd2 Qf5 16. g4 Nxg4 17. Qd3 Qxd3 0-1

[Event "AUTO-OPEN-3997"]
[Site "http://www.queenalice.com/game.php?id=1550891"]
[Date "2018.11.28"]
[Round "1"]
[White "brasilianlion"]
[Black "chessman"]
[Result "1-0"]
[WhiteElo "2097"]
[BlackElo "1936"]

1. d4 d5 2. c4 c6 3. Nc3 Nf6 4. cxd5 cxd5 5. Bf4 e6 6. e3 Be7 7. Bd3 O-O 8. Nf3
a6 9. h3 Nc6 10. O-O Bd7 11. Rc1 h6 12. Bb1 b5 13. Ne5 Nxe5 14. Bxe5 b4 15. Ne2
a5 16. Qc2 Rc8 17. Qd3 g6 18. Bxf6 Bxf6 19. Nf4 Be8 20. g3 Kg7 21. Rxc8 Qxc8 22.
Nh5+ 1-0

[Event "AUTO-OPEN-3997"]
[Site "http://www.queenalice.com/game.php?id=1550892"]
[Date "2018.11.28"]
[Round "1"]
[White "chessman"]
[Black "brasilianlion"]
[Result "1-0"]
[WhiteElo "1973"]
[BlackElo "2077"]

1. e4 c5 2. Nf3 d6 3. Bb5+ Nc6 4. c4 Bd7 5. d4 cxd4 6. Nxd4 g6 7. Nc3 Nf6 8. O-O
Bg7 9. Nxc6 Bxc6 10. Bxc6+ bxc6 11. Re1 O-O 12. h3 Nd7 13. Qc2 Ne5 14. b3 Qa5
15. Bd2 Qc7 16. Rad1 Rad8 17. f4 Nd7 18. Be3 Nb8 19. Bd4 Bxd4+ 20. Rxd4 Na6 21.
Red1 Nb4 22. Qb2 e5 23. fxe5 dxe5 24. Rxd8 Rxd8 25. Rxd8+ Qxd8 26. a3 Qd4+ 27.
Kh2 Nd3 28. Qc2 Qe3 29. Qe2 Qf4+ 30. g3 Qf2+ 31. Qxf2 Nxf2 32. Kg2 Nd3 33. b4
Nb2 34. b5 cxb5 35. cxb5 Kf8 36. a4 Nc4 37. Kf3 Kg7 38. Ke2 f5 39. Nd5 fxe4 40.
Ne3 Nb2 41. a5 Na4 42. Nd5 Kf7 43. b6 axb6 44. a6 1-0

[Event "AUTO-OPEN-3997"]
[Site "http://www.queenalice.com/game.php?id=1550893"]
[Date "2018.11.28"]
[Round "1"]
[White "brasilianlion"]
[Black "jupar"]
[Result "1-0"]
[WhiteElo "2057"]
[BlackElo "2080"]

1. d4 d5 2. c4 e6 3. Nc3 Nf6 4. Bg5 Be7 5. e3 c6 6. Nf3 Nbd7 7. Qc2 O-O 8. Rd1
h6 9. Bh4 Nh5 10. Bxe7 Qxe7 11. g4 Nhf6 12. g5 hxg5 13. Nxg5 e5 14. cxd5 exd4
15. Rxd4 Ne5 16. Rf4 g6 17. h4 Kg7 18. h5 Nxh5 19. Rxh5 Rh8 20. Rxh8 Kxh8 21.
Rh4+ Kg8 22. f4 Bf5 23. e4 cxd5 24. Nxd5 Bxe4 25. Qxe4 Nf3+ 26. Kf2 Qxe4 27.
Nxe4 Nxh4 28. Ndf6+ Kg7 29. Nd5 Rc8 30. Nec3 a6 31. Bd3 b5 32. b4 Nf5 33. Bxf5
gxf5 34. Ke3 Rc4 35. a3 Kf8 36. Kd3 Ke8 37. a4 Kd7 38. Nb6+ Kc6 39. Nxc4 bxc4+
40. Kxc4 f6 41. Nd5 1-0

[Event "AUTO-OPEN-3997"]
[Site "http://www.queenalice.com/game.php?id=1550894"]
[Date "2018.11.28"]
[Round "1"]
[White "jupar"]
[Black "brasilianlion"]
[Result "0-1"]
[WhiteElo "2053"]
[BlackElo "2074"]

1. e4 c5 2. Nf3 d6 3. Bc4 Nf6 4. Nc3 Nc6 5. d4 cxd4 6. Nxd4 Qb6 7. Nb3 a6 8. Be3
Qc7 9. Nd5 Nxd5 10. Bxd5 a5 11. c3 Ne5 12. O-O e6 13. f4 Nd7 14. Nd4 exd5 15.
exd5 Nc5 16. Qe2 Be7 17. f5 Bd7 18. f6 Bxf6 19. Bg5+ Be5 20. Nf3 Bg4 21. h3 Bxf3
22. gxf3 O-O 23. f4 Bf6 24. Bxf6 gxf6 25. Kh2 Kh8 26. Rg1 Rg8 27. b4 axb4 28.
cxb4 Nd7 29. Rae1 Qd8 30. Rxg8+ Kxg8 31. Qe7 Qxe7 32. Rxe7 Rxa2+ 33. Kg3 Nb6 34.
Rxb7 Nxd5 35. Rd7 Nxb4 36. Rxd6 Kg7 37. Rd4 Nc2 38. Rd2 Ra3+ 39. Kh4 Ne1 40. Kg4
h5+ 41. Kxh5 Rxh3+ 42. Kg4 Re3 43. Rf2 Nd3 44. Rd2 Nc5 45. Rd4 Re4 46. Rd5 Ne6
47. Rf5 Kg6 48. Ra5 Rxf4+ 49. Kg3 f5 50. Ra6 Kg5 51. Ra7 f6 52. Ra8 Rg4+ 53. Kh2
f4 54. Ra5+ f5 55. Ra8 Rh4+ 56. Kg2 Kg4 57. Ra4 Ng5 58. Rb4 Ne4 59. Rb8 f3+ 60.
Kg1 Kg3 61. Rg8+ Rg4 62. Ra8 Kf4+ 63. Kh2 Rg2+ 64. Kh3 Nf2+ 0-1

[Event "AUTO-MASTER-2804"]
[Site "http://www.queenalice.com/game.php?id=1556327"]
[Date "2019.1.12"]
[Round "1"]
[White "yamato"]
[Black "brasilianlion"]
[Result "1/2-1/2"]
[WhiteElo "2196"]
[BlackElo "2099"]

1. d4 Nf6 2. Nf3 b6 3. g3 Bb7 4. Bg2 c5 5. c4 cxd4 6. Qxd4 Nc6 7. Qf4 g6 8. b3
Bg7 9. Bb2 O-O 10. O-O Nb4 11. Nbd2 d6 12. a3 Na6 13. Rab1 Nc5 14. h3 Ne6 15.
Qe3 Qd7 16. Rfd1 Rad8 17. Nd4 Bxg2 18. Kxg2 Qb7+ 19. N2f3 Nc5 20. Kh2 Nce4 21.
Nd2 Nxd2 22. Qxd2 d5 23. cxd5 Qxd5 24. Nf3 Qxd2 25. Rxd2 Ne4 26. Rxd8 Rxd8 27.
Bxg7 Kxg7 28. Kg2 Rd7 29. Rb2 f6 30. Ne1 Rc7 31. Nd3 a5 32. b4 axb4 33. Rxb4 Nc3
34. Kf3 Rc6 35. e4 Na2 36. Rb2 Rc3 37. Rxa2 Rxd3+ 38. Ke2 Rb3 39. a4 h5 40. h4
Kf7 41. a5 bxa5 42. Rxa5 Rb7 43. Rc5 Rb6 44. Ra5 Rb3 45. Rc5 Ra3 1/2-1/2

[Event "AUTO-MASTER-2804"]
[Site "http://www.queenalice.com/game.php?id=1556328"]
[Date "2019.1.12"]
[Round "1"]
[White "brasilianlion"]
[Black "yamato"]
[Result "0-1"]
[WhiteElo "2109"]
[BlackElo "2159"]

1. d4 Nf6 2. c4 c5 3. d5 e5 4. Nc3 d6 5. e4 Be7 6. g3 a6 7. a4 Nbd7 8. Bg2 O-O
9. Nge2 Ne8 10. O-O g6 11. Bh6 Ng7 12. Qd2 Nf6 13. h3 Kh8 14. f4 Ng8 15. Bxg7+
Kxg7 16. fxe5 dxe5 17. a5 Nf6 18. Na4 Ne8 19. Nb6 Rb8 20. Nxc8 Rxc8 21. Kh2 Nd6
22. Qc3 f6 23. g4 Nf7 24. b3 Rh8 25. Rf2 h5 26. gxh5 Rxh5 27. Rg1 Qd7 28. Bf1
Rch8 29. Rg3 Ng5 30. Qe3 Rh4 31. Ng1 Nxe4 32. Rff3 Nxg3 33. Rxg3 Bd6 34. Kg2 e4
0-1

[Event "AUTO-MASTER-2804"]
[Site "http://www.queenalice.com/game.php?id=1556339"]
[Date "2019.1.12"]
[Round "1"]
[White "Astralis"]
[Black "brasilianlion"]
[Result "0-1"]
[WhiteElo "1937"]
[BlackElo "2102"]

1. d4 Nf6 2. c4 e6 3. g3 Bb4+ 4. Bd2 Qe7 5. Bg2 Nc6 6. Nf3 O-O 7. a3 Bxd2+ 8.
Nbxd2 d6 9. e4 e5 10. dxe5 Nxe5 11. O-O Bg4 12. Qc2 h6 13. b4 Nxf3+ 14. Nxf3
Qxe4 15. Qxe4 Nxe4 16. h3 Bxf3 17. Bxf3 Nd2 18. Bxb7 Nxf1 19. Bxa8 Nxg3 20. fxg3
Rxa8 21. Re1 Kf8 22. Kf2 Re8 23. Rxe8+ Kxe8 24. Ke3 Ke7 25. Kd4 Ke6 26. c5 f5
27. cxd6 Kxd6 28. b5 g6 29. Kc4 g5 30. Kb4 f4 31. gxf4 gxf4 0-1

[Event "AUTO-MASTER-2804"]
[Site "http://www.queenalice.com/game.php?id=1556340"]
[Date "2019.1.12"]
[Round "1"]
[White "brasilianlion"]
[Black "Astralis"]
[Result "1-0"]
[WhiteElo "2091"]
[BlackElo "1967"]

1. d4 d5 2. c4 dxc4 3. Nf3 c5 4. d5 Nf6 5. Nc3 e6 6. e4 b5 7. Bg5 Qa5 8. Bxf6
gxf6 9. Be2 Bd6 10. O-O Bb7 11. dxe6 fxe6 12. Qxd6 Kf7 13. Rfd1 1-0

[Event "AUTO-MASTER-2804"]
[Site "http://www.queenalice.com/game.php?id=1556347"]
[Date "2019.1.12"]
[Round "1"]
[White "brasilianlion"]
[Black "baidaq"]
[Result "1-0"]
[WhiteElo "2102"]
[BlackElo "2118"]

1. d4 Nf6 2. c4 e6 3. Nf3 d5 4. Nc3 Bb4 5. Bg5 Be7 6. e3 Nfd7 7. h4 h6 8. Bf4
O-O 9. cxd5 exd5 10. Nxd5 c6 11. Nc7 Bb4+ 12. Nd2 Ba5 13. Nxa8 b5 14. a3 Bb7 15.
b4 Bxa8 16. bxa5 Re8 17. Nb3 Nf6 18. Be2 c5 19. Nxc5 Bxg2 20. Rg1 Bh3 21. Bxh6
g6 22. Qb3 Qxa5+ 23. Kd1 Ne4 24. Rxg6+ Kh8 25. Nxe4 Rxe4 26. Qxf7 Qa4+ 27. Kc1
Qc4+ 28. Bxc4 bxc4 29. Qg7# 1-0

[Event "AUTO-MASTER-2804"]
[Site "http://www.queenalice.com/game.php?id=1556348"]
[Date "2019.1.12"]
[Round "1"]
[White "baidaq"]
[Black "brasilianlion"]
[Result "1/2-1/2"]
[WhiteElo "2151"]
[BlackElo "2114"]

1. e4 c5 2. Nf3 e6 3. Nc3 a6 4. d4 cxd4 5. Qxd4 Nc6 6. Qd1 Qc7 7. Bd3 Bb4 8. O-O
Nf6 9. Ne2 d5 10. exd5 Nxd5 11. c3 Bd6 12. Be4 Nf6 13. Bxc6+ Qxc6 14. Re1 O-O
15. Bg5 Rd8 16. Qc2 Be7 17. Bxf6 Bxf6 18. Ng3 b5 19. a3 Bb7 20. Rad1 Rxd1 21.
Rxd1 g6 22. h4 Rd8 23. Rxd8+ Bxd8 24. Qd2 Bf6 25. Qf4 Bg7 26. Qb8+ Bf8 27. Ne1
Kg7 28. Qe5+ f6 29. Qe3 Bc5 30. Qf3 Qxf3 31. Nxf3 Bd6 32. Nd4 Kf7 33. Nge2 e5
34. Nf3 Be4 35. Nd2 Bd3 36. Ng3 f5 37. Ngf1 a5 38. b4 axb4 39. cxb4 e4 40. Nb3
Be5 41. Nc5 Bxf1 42. Kxf1 Bb2 43. a4 Ba3 44. axb5 Bxb4 45. Na6 Ba5 46. Ke2 Bb6
47. Nb4 Ke6 48. Nc2 Kd5 49. f3 exf3+ 50. Kxf3 h6 51. g4 fxg4+ 52. Kxg4 Bd8 53.
h5 gxh5+ 54. Kxh5 Kc5 55. Kxh6 1/2-1/2

[Event "AUTO-OPEN-3997"]
[Site "http://www.queenalice.com/game.php?id=1594390"]
[Date "2019.12.27"]
[Round "2"]
[White "brasilianlion"]
[Black "AsterixTwin"]
[Result "0-1"]
[WhiteElo "2120"]
[BlackElo "2486"]

1. d4 d5 2. c4 e6 3. Nc3 Nf6 4. Bg5 Be7 5. e3 O-O 6. Qc2 Nbd7 7. Nf3 c6 8. Bd3
Re8 9. O-O Nf8 10. Ne5 Ng6 11. Bxg6 hxg6 12. b3 Nd7 13. Bxe7 Qxe7 14. c5 Nxe5
15. dxe5 Qxc5 16. Qd2 b6 17. Rfc1 Qe7 18. Ne2 c5 19. Nc3 Bd7 20. Ne2 a5 21. a4
Rec8 22. Ra2 b5 23. axb5 Bxb5 24. Nf4 Qc7 25. Qc3 Ra7 26. Ne2 Bxe2 27. Rxe2 a4
28. Rec2 axb3 29. Qxb3 Qxe5 30. f4 Qd6 31. Qb5 c4 32. Qb2 Qc5 33. Qe5 Qc7 34.
Qd4 Rca8 35. g3 f5 36. Kg2 Ra2 37. h3 Qb8 38. g4 Qb3 39. Qd1 Rxc2+ 40. Qxc2 Ra2
0-1

[Event "AUTO-OPEN-3997"]
[Site "http://www.queenalice.com/game.php?id=1594391"]
[Date "2019.12.27"]
[Round "2"]
[White "AsterixTwin"]
[Black "brasilianlion"]
[Result "1-0"]
[WhiteElo "2493"]
[BlackElo "2115"]

1. e4 e5 2. Nf3 Nc6 3. Bb5 a6 4. Ba4 Nf6 5. O-O b5 6. Bb3 Be7 7. Re1 O-O 8. c3
d5 9. exd5 Nxd5 10. Nxe5 Nxe5 11. Rxe5 c6 12. d3 Bd6 13. Re1 Qh4 14. g3 Qh3 15.
Re4 Nf6 16. Rh4 Qf5 17. Bf4 g5 18. Bxd6 gxh4 19. Bxf8 Kxf8 20. Qe2 hxg3 21. fxg3
a5 22. Na3 Ng4 23. Rf1 Qc5+ 24. d4 Qh5 25. Rxf7+ Qxf7 26. Bxf7 Kxf7 27. Qf3+ Kg7
28. Qxc6 1-0

[Event "AUTO-MASTER-2804"]
[Site "http://www.queenalice.com/game.php?id=1602235"]
[Date "2020.3.10"]
[Round "2"]
[White "LAIRE"]
[Black "brasilianlion"]
[Result "1-0"]
[WhiteElo "2260"]
[BlackElo "2109"]

1. d4 Nf6 2. c4 d6 3. Nf3 g6 4. Nc3 Bg7 5. Bg5 O-O 6. e3 c5 7. Be2 Nbd7 8. Qc2
cxd4 9. exd4 a6 10. Rd1 Qc7 11. O-O Nb6 12. b3 Bg4 13. h3 Bf5 14. Bd3 Bxd3 15.
Qxd3 Nbd7 16. Rfe1 Rfe8 17. d5 Nc5 18. Qd2 Rad8 19. Re2 Kh8 20. Rde1 Ncd7 21.
Nd4 Ng8 22. Bxe7 Nxe7 23. Rxe7 Rxe7 24. Rxe7 Kg8 25. Qf4 Rf8 26. Nce2 Be5 27.
Qg4 Rd8 28. Qf3 Rf8 29. Qd3 Qd8 30. Rxd7 Qxd7 31. f4 Bg7 32. f5 Re8 33. fxg6
hxg6 34. Qg3 Bxd4+ 35. Nxd4 Qe7 36. Nf3 Kg7 37. Qf2 Qe2 38. Ng5 Qxf2+ 39. Kxf2
Re5 40. Nf3 Re4 41. Nd2 Re8 42. Nf3 Rc8 43. Nd4 Kf6 44. Ke3 Re8+ 45. Kf2 Ke5 46.
Nf3+ Kf6 47. h4 Kf5 48. Ng5 Re7 49. Kf3 f6 50. Ne6 Rxe6 51. dxe6 Kxe6 52. Kf4 b6
53. g4 a5 54. h5 g5+ 55. Ke4 1-0

[Event "AUTO-MASTER-2804"]
[Site "http://www.queenalice.com/game.php?id=1602236"]
[Date "2020.3.10"]
[Round "2"]
[White "brasilianlion"]
[Black "LAIRE"]
[Result "0-1"]
[WhiteElo "2117"]
[BlackElo "2252"]

1. e4 e6 2. d4 d5 3. Nc3 Nf6 4. e5 Nfd7 5. f4 c5 6. Nf3 Nc6 7. Be3 a6 8. Be2 b5
9. Qd2 Bb7 10. O-O Qc7 11. Nd1 cxd4 12. Nxd4 Nxd4 13. Bxd4 Bc5 14. Rc1 O-O 15.
b4 Bxd4+ 16. Qxd4 f6 17. Bg4 f5 18. Be2 Rac8 19. Rf3 Qb6 20. Qxb6 Nxb6 21. Nb2
Rc7 22. Nd3 Nd7 23. Nb2 Rfc8 24. c3 d4 25. Rd3 dxc3 26. Nd1 c2 27. Nf2 Nb6 28.
Rd2 Nd5 29. Bf3 Nxf4 30. Bxb7 Rxb7 31. Rcxc2 Rbc7 32. Rxc7 Rxc7 33. h3 Nd5 34.
a3 Rc1+ 35. Kh2 Rc3 36. Rd3 Rc2 37. Nd1 Re2 38. Nc3 Rxe5 39. Nxd5 Rxd5 40. Re3
Rd6 41. Kg3 g5 42. Kf3 Kf7 43. g3 Kf6 44. a4 e5 45. Ra3 e4+ 46. Ke3 Ke5 47. axb5
axb5 48. Rc3 f4+ 49. gxf4+ gxf4+ 50. Kf2 Rd2+ 51. Ke1 Rh2 52. Rc5+ Kd4 53. Rxb5
f3 54. Rc5 e3 0-1

[Event "MARCELO PORTUGAL · JOSE ZOMBIE"]
[Site "http://www.queenalice.com/game.php?id=1609067"]
[Date "2020.4.23"]
[Round "-"]
[White "JOSETEZOMBIE"]
[Black "brasilianlion"]
[Result "1-0"]
[WhiteElo "2384"]
[BlackElo "2119"]

1. h4 b6 2. h5 h6 3. e4 Bb7 4. Nc3 c5 5. Nf3 Nc6 6. d4 cxd4 7. Nxd4 e6 8. Bf4
Qf6 9. Be3 Bb4 10. Nb5 Qe5 11. f4 Qb8 12. a3 Be7 13. Qg4 Bf8 14. e5 Nxe5 15.
fxe5 Qxe5 16. Qd4 Qb8 17. Ne4 Bxe4 18. Qxe4 Nf6 19. Qxa8 1-0